| 000 | 00515nam a22001697a 4500 | ||
|---|---|---|---|
| 005 | 20250915092803.0 | ||
| 008 | 250903b |||||||| |||| 00| 0 eng d | ||
| 020 | _a9789357511070 | ||
| 082 | _aDC 004.6782 B976 2024 | ||
| 100 |
_aButler, Amroo. _967201 |
||
| 245 |
_aCloud computing / _cAmroo Butler. |
||
| 260 |
_aIndia : _bRandom Publications LLP, _c©2024. |
||
| 300 |
_av, 228 : _billustrations ; _c24 cm. |
||
| 500 | _aIncludes bibliography and index. | ||
| 650 | 0 |
_aCloud computing. _967403 |
|
| 942 |
_2ddc _cDC |
||
| 999 |
_c23656 _d23656 |
||